| 000 | 00867nam a22002297a 4500 | ||
|---|---|---|---|
| 005 | 20240530110920.0 | ||
| 008 | 220221s2007 ua a g b 000 0 ara d | ||
| 020 | _a9789953821382 | ||
| 040 |
_aEG-CaGPL _cEG-CaGPL |
||
| 082 | 0 | 4 |
_221 _a338.9 \ _bا ع |
| 100 | 0 | _aاحمد ابراهيم منصور | |
| 245 | 1 | 2 |
_aعدالة التوزيع والتنمية الاقتصادية : _bرؤية اسلامية مقارنة / _cاحمد ابراهيم منصور |
| 250 | _aط.1 | ||
| 260 |
_aبيروت : _bمركز دراسات الوحدة العربية، _c2007 |
||
| 300 |
_a368 ص؛ _c24 سم |
||
| 490 | 0 |
_aسلسلة اطروجات الدكتوراه ؛ _v66 |
|
| 650 | 0 | 7 |
_aالاقتصاد الاسلامى _2qrmak |
| 650 | 0 | 7 |
_aالتنمية الاقتصادية _2qrmak |
| 651 | _2qrmak | ||
| 942 |
_2ddc _cBK |
||
| 999 |
_c66461 _d66461 |
||